MARC

LEADER 00000nam0a2200000 4500
001 252481
005 20231031213934.0
010 |a 5283011852 
020 |a RU  |b 89-46826 
035 |a (RuTPU)RU\TPU\book\274828 
090 |a 252481 
100 |a 20140304d1989 k y0rusy5003 ca 
101 0 |a rus 
102 |a RU 
105 |a a z 001zy 
200 1 |a Электроэнергетика Западно-Сибирского нефтегазового комплекса  |f Г. А. Давидовский, В. П. Росляков, В. А. Фомин  |g Под ред. Л. И. Мардера 
210 |a Москва  |c Энергоатомиздат  |d 1989 
215 |a 168 с.  |c ил. 
225 1 |a Курсом ускорения научно-технического прогресса 
320 |a Библиогр.: с. 162-163 (30 назв.) 
606 1 |a Нефтегазовый комплекс  |x Электроэнергетика  |2 stltpush  |3 (RuTPU)RU\TPU\subj\45574 
610 1 |a топливно-энергетические комплексы 
610 1 |a нефтяные месторождения 
610 1 |a Западная Сибирь 
610 1 |a газовые месторождения 
610 1 |a формирование 
610 1 |a потребители 
610 1 |a электроснабжение 
610 1 |a функционирование 
610 1 |a проблемы 
610 1 |a перспективы 
675 |a 622.323.012:658.26  |z rus  |v 3 
700 1 |a Давидовский  |b Г. А.  |g Гарольд Александрович 
701 1 |a Росляков  |b В. П.  |g Виктор Петрович 
701 1 |a Фомин  |b В. А.  |g Владимир Алексеевич 
702 1 |a Мардер  |b Л. И.  |4 340 
801 0 |a RU  |b RuMRKP  |c 19950417  |g psbo 
801 1 |a RU  |b 63413507  |c 20140304 
801 2 |a RU  |b 63413507  |c 20170815  |g RCR 
942 |c BK